Atmospheric Composition and Cloud Cover Observations (Record no. 16635)

MARC details
000 -LEADER
fixed length control field 00762nam a2200133Ia 4500
008 - FIXED-LENGTH DATA ELEMENTS--GENERAL INFORMATION
fixed length control field 220615s9999||||xx |||||||||||||| ||und||
020 ## - INTERNATIONAL STANDARD BOOK NUMBER
International Standard Book Number 9783040000000
245 #0 - TITLE STATEMENT
Title Atmospheric Composition and Cloud Cover Observations
546 ## - LANGUAGE NOTE
Language note English[eng]
650 ## - SUBJECT ADDED ENTRY--TOPICAL TERM
Topical term or geographic name entry element atmospheric gases||sources||European regulations||aerosol typing||lidar||photometry||EARLINET||AERONET||WRF||PBL||simulation||meteorology||wildfire||CO2 emission||OCO-2||MISR||MINX||freezing rain||high-impact meteorological event||Carpathian lee cyclogenesis||climatology||cloud occurrence frequency||automatic camera image analysis||Saharan dust||aerosol remote sensing||sun-photometer||MODIS||n/a
700 ## - ADDED ENTRY--PERSONAL NAME
Personal name Voiculescu, Mirela
856 ## - ELECTRONIC LOCATION AND ACCESS
Uniform Resource Identifier <a href="https://mdpi.com/books/pdfview/book/3935">https://mdpi.com/books/pdfview/book/3935</a>
942 ## - ADDED ENTRY ELEMENTS (KOHA)
Koha item type E-Books
Holdings
Withdrawn status Lost status Damaged status Not for loan Home library Current library Date acquired Total Checkouts Date last seen Price effective from Koha item type
        Kerala University of Digital Sciences, Innovation and Technology Knowledge Centre Kerala University of Digital Sciences, Innovation and Technology Knowledge Centre 15/06/2022   15/06/2022 15/06/2022 E-Books